000 00856nam a2200277 i 4500
001 6623
003 ES-MaACL
005 20230906145024.0
007 t|
008 900206s1986 sp ||||1| spa d
020 _a84-249-1033-8
080 _a87-6"00"
080 _a87(Seneca,L.A.7 E.03=6)
080 _a1 Seneca
080 _a17
100 1 _aSéneca, Lucio Anneo.
_9105451
245 1 0 _aEpistolas morales a Lucilio
_b: (libros I-IX, epistolas 1-80) /
_cSeneca ; introduccion, traduccion y notas de Ismael Roca Melia.
260 _aMadrid :
_bGredos,
_c1986.
300 _a511 p. ;
_c20 cm.
490 1 _aBiblioteca clásica Gredos ;
_v92
500 _aIndices.
700 1 _aRoca Meliá, Ismael.
_998003
830 0 _aBiblioteca clásica Gredos ;
_v92
_9177556
852 _aES-MaACL
_jL-13821
_bR.117399
_z. - plast.
999 _c6623
_d6623